000 00405nam a22001697a 4500
999 _c7811
_d7809
005 20210904140307.0
008 210821b ||||| |||| 00| 0 eng d
020 _a0406945888
041 _aeng
082 _a342.0858
100 _aCAREY, PETER
_9472
245 _aE.PRIVACY AND ONLINE DATA PROTECTION
260 _aU.S.A
_bBUTTER WORTHS
_c2002
300 _a268,p
650 _aLAW
_95701
942 _cBK